000 00828nam a2200229Ia 4500
003 OSt
005 20220925210532.0
006 a|||||r|||| 00| 0
007 ta
008 220923b |||||||| |||| 00| 0 eng d
037 _cGeneral Book
040 _aRTL
_cRTL
_beng
041 _2eng
_aeng
082 _aSingmasn2,N50, 472 CD-ROM P
100 _aNational samples survey (NSS) report, 55th round
_9272563
245 0 _aDifferences in the level of consumption among socio economic group, 1999-2000. Report no. 472
260 _aIndia
_bGovt. Press
_c1999
490 _aConsumer expenditure
650 _aNational sample survey NSS report
_9272564
942 _hSingmasn2,N50, 472 CD-ROM P
_cGB
_2CC
999 _c555382
_d555382